000 00369nam a2200145Ia 4500
008 180207s9999 xx 000 0 und d
020 _a9788188370108
050 _bU26 [2005]
245 4 _aThe ugly duckling /
260 _aNew Delhi, India :
260 _bYoung Learner Publications,
260 _c[2005]
300 _a16 pages :
300 _bcolor illustration ;
999 _c355183
_d355183